Factory outlet: podniková - firemná - továrenská predajňa
Charakteristika podnikovej predajne. Factory outlet center (FOC) - združenia podnikových predajní vytvárajúce nákupné strediská. FOC v USA. Výrazný rozvoj podnikových predajní a FOC vo Veľkej Británii. Rôzne formy centier FOC. Tabuľka najväčších podnikateľov FOC vo Veľkej Británii pre rok 1998.
Enregistré dans:
| Auteur principal: | |
|---|---|
| Format: | Chapitre de livre |
| Langue: | slovaque |
| Sujets: | |
| Tags: |
Pas de tags, Soyez le premier à ajouter un tag!
|
MARC
| LEADER | 00000naa a2200000 4500 | ||
|---|---|---|---|
| 001 | r034513 | ||
| 005 | 20230929112744.4 | ||
| 041 | 0 | |a slo | |
| 044 | |a SK | ||
| 245 | 1 | 0 | |a Factory outlet: podniková - firemná - továrenská predajňa |c Kristína Viestová |
| 520 | |a Charakteristika podnikovej predajne. Factory outlet center (FOC) - združenia podnikových predajní vytvárajúce nákupné strediská. FOC v USA. Výrazný rozvoj podnikových predajní a FOC vo Veľkej Británii. Rôzne formy centier FOC. Tabuľka najväčších podnikateľov FOC vo Veľkej Británii pre rok 1998. | ||
| 610 | 2 | 0 | |a predajne podnikové |
| 610 | 2 | 0 | |a strediská nákupné |
| 610 | 2 | 0 | |a združenia podnikov |
| 610 | 2 | 0 | |a podnikatelia |
| 610 | 2 | 0 | |a USA |
| 610 | 2 | 0 | |a Veľká Británia |
| 610 | 2 | 0 | |a factory outlet center |
| 610 | 2 | 0 | |a maloobchod |
| 100 | 1 | |a Viestová, Kristína | |